[Event "Королевский Гамбит. Южный Федеральный округ."]
[Date "2025-11-21"]
[Round "2.10"]
[Board "10"]
[White "Саидов Анзор"]
[WhiteElo "1010"]
[Black "Гейкин Филипп"]
[BlackElo "1010"]
[WebSite "https://www.chessopen.ru"]
[GameId "aa704cb5-7cf5-4b73-a7dc-dcf3ae614d80"]
[Result "1-0"]

1. e4 { [%clk 0:10:00] } e5 { [%clk 0:09:40] } 2. Nf3 { [%clk 0:10:00] } Nf6 {
[%clk 0:08:59] } 3. Nc3 { [%clk 0:09:42] } Bc5 { [%clk 0:08:40] } 4. Nxe5 {
[%clk 0:08:51] } Nxe4 { [%clk 0:08:16] } 5. Nxe4 { [%clk 0:08:40] } Qe7 { [%clk
0:07:56] } 6. Bc4 { [%clk 0:08:15] } Qxe5 { [%clk 0:07:40] } 7. Qe2 { [%clk
0:08:05] } Qxh2 { [%clk 0:07:20] } 8. Nxc5+ { [%clk 0:07:40] } Kd8 { [%clk
0:05:04] } 9. Rxh2 { [%clk 0:07:36] } Re8 { [%clk 0:04:59] } 10. Ne4 { [%clk
0:07:12] } d5 { [%clk 0:04:53] } 11. Bxd5 { [%clk 0:07:06] } Nd7 { [%clk
0:04:43] } 12. Bxf7 { [%clk 0:06:27] } Re5 { [%clk 0:04:39] } 13. Rxh7 { [%clk
0:06:24] } c6 { [%clk 0:04:26] } 14. Rxg7 { [%clk 0:05:46] } b5 { [%clk
0:04:11] } 15. b3 { [%clk 0:05:45] } Ke7 { [%clk 0:03:59] } 16. Bb2 { [%clk
0:05:46] } Kf8 { [%clk 0:03:47] } 17. Bxe5 { [%clk 0:05:46] } Nxe5 { [%clk
0:03:46] } 18. Rh7 { [%clk 0:04:57] } Nxf7 { [%clk 0:03:44] } 19. Qf3 { [%clk
0:04:53] } Be6 { [%clk 0:03:38] } 20. Nc5 { [%clk 0:04:51] } Bd5 { [%clk
0:03:26] } 21. Qf6 { [%clk 0:04:24] } Re8+ { [%clk 0:03:21] } 22. Kd1 { [%clk
0:04:07] } Bxg2 { [%clk 0:02:28] } 23. Rh8# { [%clk 0:04:06] } 1-0

[Event "Королевский Гамбит. Южный Федеральный округ."]
[Date "2025-11-21"]
[Round "2.11"]
[Board "11"]
[White "Алексей Ахатов"]
[WhiteElo "990"]
[Black "Бланк алексей"]
[BlackElo "1010"]
[WebSite "https://www.chessopen.ru"]
[GameId "6df8e4a4-1fcc-4f8b-ae9c-b2711406338b"]
[Result "0-1"]

1. d4 { [%clk 0:10:00] } Nf6 { [%clk 0:09:58] } 2. Nc3 { [%clk 0:09:57] } e6 {
[%clk 0:09:58] } 3. f4 { [%clk 0:09:47] } Bb4 { [%clk 0:09:53] } 4. Nf3 { [%clk
0:09:30] } Nd5 { [%clk 0:09:51] } 5. Bd2 { [%clk 0:09:25] } f5 { [%clk 0:09:43]
} 6. a3 { [%clk 0:09:18] } Bxc3 { [%clk 0:09:34] } 7. bxc3 { [%clk 0:09:19] }
Nf6 { [%clk 0:09:35] } 8. c4 { [%clk 0:09:19] } d6 { [%clk 0:09:33] } 9. d5 {
[%clk 0:09:18] } exd5 { [%clk 0:09:30] } 10. cxd5 { [%clk 0:09:19] } Nxd5 {
[%clk 0:09:32] } 11. c4 { [%clk 0:09:18] } Nf6 { [%clk 0:09:28] } 12. h4 {
[%clk 0:09:14] } Nc6 { [%clk 0:09:27] } 13. h5 { [%clk 0:09:11] } h6 { [%clk
0:09:27] } 14. e3 { [%clk 0:08:56] } Be6 { [%clk 0:09:20] } 15. Rh4 { [%clk
0:08:48] } Ng4 { [%clk 0:09:13] } 16. Rb1 { [%clk 0:08:25] } b6 { [%clk
0:08:46] } 17. g3 { [%clk 0:08:07] } Qe7 { [%clk 0:08:18] } 18. Qa4 { [%clk
0:07:54] } Bd7 { [%clk 0:08:15] } 19. Bd3 { [%clk 0:07:31] } Nxe3 { [%clk
0:08:04] } 20. Bxe3 { [%clk 0:07:32] } Qxe3+ { [%clk 0:08:04] } 21. Be2 { [%clk
0:07:19] } Nd4 { [%clk 0:07:57] } 22. Qd1 { [%clk 0:07:05] } Nxf3+ { [%clk
0:07:54] } 23. Kf1 { [%clk 0:06:51] } Qg1# { [%clk 0:07:46] } 0-1

[Event "Королевский Гамбит. Южный Федеральный округ."]
[Date "2025-11-21"]
[Round "2.11"]
[Board "11"]
[White "Асламазян Эдмон"]
[WhiteElo "1000"]
[Black "Шубин Денис"]
[BlackElo "1010"]
[WebSite "https://www.chessopen.ru"]
[GameId "939e2cf3-96d9-4571-a7e8-23a75092b840"]
[Result "1-0"]

1. d4 { [%clk 0:09:57] } d5 { [%clk 0:10:00] } 2. Nc3 { [%clk 0:09:57] } Nc6 {
[%clk 0:10:03] } 3. Nf3 { [%clk 0:09:50] } Nf6 { [%clk 0:10:06] } 4. e3 { [%clk
0:09:45] } e6 { [%clk 0:10:07] } 5. a3 { [%clk 0:09:41] } Bb4 { [%clk 0:10:10]
} 6. axb4 { [%clk 0:09:41] } Nxb4 { [%clk 0:10:11] } 7. Ra4 { [%clk 0:09:25] }
O-O { [%clk 0:10:14] } 8. Rxb4 { [%clk 0:09:26] } Ne4 { [%clk 0:09:52] } 9.
Nxe4 { [%clk 0:09:09] } dxe4 { [%clk 0:09:48] } 10. Nd2 { [%clk 0:09:09] } f5 {
[%clk 0:09:45] } 11. f3 { [%clk 0:09:02] } a5 { [%clk 0:09:40] } 12. Ra4 {
[%clk 0:08:58] } Ra6 { [%clk 0:09:39] } 13. Bxa6 { [%clk 0:08:57] } bxa6 {
[%clk 0:09:39] } 14. fxe4 { [%clk 0:08:52] } g6 { [%clk 0:09:29] } 15. exf5 {
[%clk 0:08:48] } exf5 { [%clk 0:09:27] } 16. b3 { [%clk 0:08:41] } Qh4+ { [%clk
0:09:19] } 17. g3 { [%clk 0:08:36] } Qg5 { [%clk 0:09:10] } 18. Nf3 { [%clk
0:08:12] } Qg4 { [%clk 0:08:54] } 19. Ne5 { [%clk 0:07:57] } Qe4 { [%clk
0:08:08] } 20. Rf1 { [%clk 0:07:40] } Bd7 { [%clk 0:07:49] } 21. Nxd7 { [%clk
0:07:36] } Re8 { [%clk 0:07:23] } 22. d5 { [%clk 0:07:16] } c5 { [%clk 0:06:46]
} 23. Rxe4 { [%clk 0:07:04] } fxe4 { [%clk 0:06:47] } 24. Nxc5 { [%clk 0:07:01]
} Kg7 { [%clk 0:06:27] } 25. Nxa6 { [%clk 0:06:58] } Re5 { [%clk 0:06:20] } 26.
Bb2 { [%clk 0:06:53] } Kh6 { [%clk 0:06:17] } 27. Bxe5 { [%clk 0:06:53] } g5 {
[%clk 0:06:14] } 28. Rf6+ { [%clk 0:06:47] } Kg7 { [%clk 0:06:12] } 29. Re6+ {
[%clk 0:06:46] } Kf7 { [%clk 0:06:06] } 30. Qh5+ { [%clk 0:06:43] } Kf8 { [%clk
0:05:52] } 31. Qxh7 { [%clk 0:06:26] } g4 { [%clk 0:05:33] } 32. Qg7# { [%clk
0:06:22] } 1-0

[Event "Королевский Гамбит. Южный Федеральный округ."]
[Date "2025-11-21"]
[Round "2.11"]
[Board "11"]
[White "Гавриленков Денис"]
[WhiteElo "1000"]
[Black "Чурбанов Максим"]
[BlackElo "1000"]
[WebSite "https://www.chessopen.ru"]
[GameId "c490756c-b4e0-4c4c-97a6-57c52be94321"]
[Result "0-1"]

1. e4 { [%clk 0:10:01] } d5 { [%clk 0:09:59] } 2. Qh5 { [%clk 0:09:55] } g6 {
[%clk 0:10:00] } 3. Qh4 { [%clk 0:09:55] } Nc6 { [%clk 0:09:52] } 4. Nc3 {
[%clk 0:09:56] } e5 { [%clk 0:09:53] } 5. Nxd5 { [%clk 0:09:49] } Qxh4 { [%clk
0:09:43] } 6. Nf3 { [%clk 0:09:21] } Qxe4+ { [%clk 0:09:39] } 7. Ne3 { [%clk
0:09:07] } Qxc2 { [%clk 0:09:32] } 8. Nxc2 { [%clk 0:09:08] } e4 { [%clk
0:09:24] } 9. Ng5 { [%clk 0:09:02] } f6 { [%clk 0:09:10] } 10. Nxe4 { [%clk
0:09:00] } Bf5 { [%clk 0:08:59] } 11. Ng3 { [%clk 0:08:56] } Bxc2 { [%clk
0:08:59] } 12. Bb5 { [%clk 0:08:53] } O-O-O { [%clk 0:08:49] } 13. h4 { [%clk
0:08:45] } Re8+ { [%clk 0:08:10] } 14. Kf1 { [%clk 0:08:40] } a6 { [%clk
0:07:58] } 15. Bc4 { [%clk 0:08:33] } b5 { [%clk 0:07:42] } 16. Bd5 { [%clk
0:08:20] } Nb4 { [%clk 0:07:35] } 17. a3 { [%clk 0:08:18] } Nxd5 { [%clk
0:07:36] } 18. d4 { [%clk 0:08:08] } Bd3+ { [%clk 0:07:31] } 19. Kg1 { [%clk
0:07:55] } Re1+ { [%clk 0:07:02] } 20. Kh2 { [%clk 0:07:49] } Rxh1+ { [%clk
0:06:33] } 21. Kxh1 { [%clk 0:07:50] } f5 { [%clk 0:06:28] } 22. b3 { [%clk
0:07:23] } f4 { [%clk 0:06:24] } 23. Ne4 { [%clk 0:06:24] } Bxe4 { [%clk
0:06:09] } 24. Ra2 { [%clk 0:06:20] } f3 { [%clk 0:06:05] } 25. gxf3 { [%clk
0:06:08] } Bxf3+ { [%clk 0:06:04] } 26. Kg1 { [%clk 0:06:09] } Nc3 { [%clk
0:05:55] } 27. Rd2 { [%clk 0:05:57] } Ne2+ { [%clk 0:05:52] } 28. Kf1 { [%clk
0:05:43] } Nxc1 { [%clk 0:05:49] } 29. Rc2 { [%clk 0:05:33] } Bxa3 { [%clk
0:05:45] } 30. Rc3 { [%clk 0:05:31] } b4 { [%clk 0:05:44] } 31. Rxf3 { [%clk
0:05:30] } Nh6 { [%clk 0:05:38] } 32. Rf6 { [%clk 0:05:27] } Ng4 { [%clk
0:05:25] } 33. Rxa6 { [%clk 0:05:25] } Rf8 { [%clk 0:05:20] } 34. Rxa3 { [%clk
0:05:23] } bxa3 { [%clk 0:05:21] } 35. f3 { [%clk 0:05:23] } Rxf3+ { [%clk
0:05:20] } 36. Kg2 { [%clk 0:05:23] } Rxb3 { [%clk 0:05:11] } 37. d5 { [%clk
0:05:23] } g5 { [%clk 0:04:42] } 38. hxg5 { [%clk 0:05:20] } Ne3+ { [%clk
0:04:41] } 39. Kf3 { [%clk 0:05:15] } Nxd5+ { [%clk 0:04:43] } 40. Ke4 { [%clk
0:05:13] } c6 { [%clk 0:04:39] } 41. Ke5 { [%clk 0:05:11] } a2 { [%clk 0:04:39]
} 42. Kd6 { [%clk 0:05:02] } Rb6 { [%clk 0:04:35] } 43. Kc5 { [%clk 0:04:54] }
Kc7 { [%clk 0:04:30] } 44. Kc4 { [%clk 0:04:43] } a1=Q { [%clk 0:04:29] } 45.
Kc5 { [%clk 0:04:41] } Qc3# { [%clk 0:04:24] } 0-1

[Event "Королевский Гамбит. Южный Федеральный округ."]
[Date "2025-11-21"]
[Round "2.11"]
[Board "11"]
[White "Глебец Кристина"]
[WhiteElo "1000"]
[Black "Тенгелиди Максим"]
[BlackElo "1010"]
[WebSite "https://www.chessopen.ru"]
[GameId "14201137-5b1f-4f3f-a2ab-4dd009ec3364"]
[Result "0-1"]

1. e3 { [%clk 0:09:59] } e5 { [%clk 0:09:59] } 2. Be2 { [%clk 0:10:01] } Nc6 {
[%clk 0:10:00] } 3. Nf3 { [%clk 0:10:03] } Nf6 { [%clk 0:09:59] } 4. Kf1 {
[%clk 0:10:05] } d6 { [%clk 0:09:56] } 5. b3 { [%clk 0:10:04] } Bf5 { [%clk
0:09:51] } 6. Nc3 { [%clk 0:10:00] } d5 { [%clk 0:09:49] } 7. Na4 { [%clk
0:09:39] } e4 { [%clk 0:09:37] } 8. Nh4 { [%clk 0:09:31] } Bg6 { [%clk 0:09:18]
} 9. Ba3 { [%clk 0:09:28] } Bxa3 { [%clk 0:09:16] } 10. c4 { [%clk 0:09:13] }
d4 { [%clk 0:08:48] } 11. exd4 { [%clk 0:09:06] } Nxd4 { [%clk 0:08:45] } 12.
Nc3 { [%clk 0:08:52] } Qe7 { [%clk 0:08:20] } 13. Rb1 { [%clk 0:08:34] } Bc5 {
[%clk 0:07:55] } 14. Na4 { [%clk 0:08:21] } a5 { [%clk 0:07:40] } 15. Nxc5 {
[%clk 0:07:49] } Qxc5 { [%clk 0:07:40] } 16. a4 { [%clk 0:07:20] } O-O { [%clk
0:07:34] } 17. Rb2 { [%clk 0:07:07] } Rfe8 { [%clk 0:07:24] } 18. d3 { [%clk
0:06:58] } Qg5 { [%clk 0:06:56] } 19. Nxg6 { [%clk 0:06:36] } Qxg6 { [%clk
0:06:50] } 20. dxe4 { [%clk 0:06:26] } Qxe4 { [%clk 0:06:34] } 21. Rd2 { [%clk
0:06:18] } Nf5 { [%clk 0:06:15] } 22. Rd3 { [%clk 0:05:48] } Nh4 { [%clk
0:05:49] } 23. f3 { [%clk 0:05:13] } Qe7 { [%clk 0:05:04] } 24. c5 { [%clk
0:05:05] } Qxc5 { [%clk 0:04:45] } 25. Qd2 { [%clk 0:04:45] } Qb4 { [%clk
0:04:14] } 26. Qd1 { [%clk 0:04:25] } b6 { [%clk 0:03:56] } 27. f4 { [%clk
0:04:24] } Qxf4+ { [%clk 0:03:43] } 28. Kg1 { [%clk 0:04:09] } Qg5 { [%clk
0:03:14] } 29. Qe1 { [%clk 0:04:02] } Qxg2# { [%clk 0:03:11] } 0-1

[Event "Королевский Гамбит. Южный Федеральный округ."]
[Date "2025-11-21"]
[Round "2.11"]
[Board "11"]
[White "Скрылев Кирилл"]
[WhiteElo "1000"]
[Black "Переверзева Мария"]
[BlackElo "1000"]
[WebSite "https://www.chessopen.ru"]
[GameId "4e3cf5b3-a7c1-465e-a789-8c71586dcd76"]
[Result "0-1"]

1. e4 { [%clk 0:10:00] } e5 { [%clk 0:09:59] } 2. Nf3 { [%clk 0:10:01] } Nc6 {
[%clk 0:09:53] } 3. Bb5 { [%clk 0:10:00] } a6 { [%clk 0:09:52] } 4. Bc4 { [%clk
0:09:57] } Nf6 { [%clk 0:09:41] } 5. Nc3 { [%clk 0:09:56] } Bc5 { [%clk
0:09:23] } 6. O-O { [%clk 0:08:46] } O-O { [%clk 0:09:21] } 7. d3 { [%clk
0:08:47] } d6 { [%clk 0:09:06] } 8. Bg5 { [%clk 0:08:47] } h6 { [%clk 0:09:05]
} 9. Bxf6 { [%clk 0:08:36] } Qxf6 { [%clk 0:08:57] } 10. Bd5 { [%clk 0:08:18] }
Nb4 { [%clk 0:08:33] } 11. a3 { [%clk 0:07:47] } Nxd5 { [%clk 0:08:10] } 12.
Nxd5 { [%clk 0:07:39] } Qd8 { [%clk 0:07:28] } 13. b4 { [%clk 0:07:13] } Ba7 {
[%clk 0:07:07] } 14. h3 { [%clk 0:06:46] } c6 { [%clk 0:07:06] } 15. Nc3 {
[%clk 0:05:49] } b5 { [%clk 0:06:42] } 16. d4 { [%clk 0:04:07] } c5 { [%clk
0:06:18] } 17. d5 { [%clk 0:03:24] } cxb4 { [%clk 0:06:12] } 18. axb4 { [%clk
0:03:24] } f5 { [%clk 0:05:39] } 19. Qd3 { [%clk 0:02:24] } fxe4 { [%clk
0:05:16] } 20. Nxe4 { [%clk 0:02:20] } Bf5 { [%clk 0:05:08] } 21. c3 { [%clk
0:02:02] } Qc7 { [%clk 0:04:59] } 22. Rfc1 { [%clk 0:01:38] } Rac8 { [%clk
0:04:54] } 23. Rxa6 { [%clk 0:01:12] } Rcd8 { [%clk 0:03:03] } 24. g4 { [%clk
0:00:36] } Bxe4 { [%clk 0:02:14] } 25. Qxe4 { [%clk 0:00:35] } Qf7 { [%clk
0:02:13] } 26. Kg2 { [%clk 0:00:30] } Qf4 { [%clk 0:02:05] } 27. Rxa7 { [%clk
0:00:21] } Qxe4 { [%clk 0:02:00] } 0-1

[Event "Королевский Гамбит. Южный Федеральный округ."]
[Date "2025-11-21"]
[Round "2.12"]
[Board "12"]
[White "Воронина Полина"]
[WhiteElo "990"]
[Black "Гринь Мария"]
[BlackElo "1010"]
[WebSite "https://www.chessopen.ru"]
[GameId "bbc41bf0-2f36-42e4-bece-886567ad2672"]
[Result "1-0"]

1. e4 { [%clk 0:09:55] } e5 { [%clk 0:09:56] } 2. Nf3 { [%clk 0:09:53] } d6 {
[%clk 0:09:54] } 3. Nc3 { [%clk 0:09:49] } Bg4 { [%clk 0:09:30] } 4. Bc4 {
[%clk 0:09:36] } Bxf3 { [%clk 0:09:22] } 5. Qxf3 { [%clk 0:09:28] } g6 { [%clk
0:09:08] } 6. d3 { [%clk 0:09:14] } Nc6 { [%clk 0:08:32] } 7. O-O { [%clk
0:09:07] } Qf6 { [%clk 0:08:09] } 8. Qxf6 { [%clk 0:08:54] } Nxf6 { [%clk
0:08:05] } 9. f4 { [%clk 0:08:39] } O-O-O { [%clk 0:07:42] } 10. g4 { [%clk
0:08:25] } Nxg4 { [%clk 0:07:10] } 11. Kh1 { [%clk 0:08:24] } Ne3 { [%clk
0:06:41] } 12. Bxe3 { [%clk 0:08:22] } exf4 { [%clk 0:05:58] } 13. Bxf4 { [%clk
0:08:11] } Bg7 { [%clk 0:05:13] } 14. Rf3 { [%clk 0:07:56] } f6 { [%clk
0:04:35] } 15. Raf1 { [%clk 0:07:49] } f5 { [%clk 0:04:12] } 16. exf5 { [%clk
0:07:47] } gxf5 { [%clk 0:04:09] } 17. Bg5 { [%clk 0:07:42] } Rde8 { [%clk
0:03:55] } 18. Rxf5 { [%clk 0:07:26] } h6 { [%clk 0:03:16] } 19. Bf6 { [%clk
0:07:22] } Bxf6 { [%clk 0:02:41] } 20. Rxf6 { [%clk 0:07:11] } Ne5 { [%clk
0:02:11] } 21. Re6 { [%clk 0:06:38] } Rxe6 { [%clk 0:01:53] } 22. Bxe6+ { [%clk
0:06:37] } Kb8 { [%clk 0:01:56] } 23. Nd5 { [%clk 0:06:26] } c6 { [%clk
0:01:35] } 24. Ne7 { [%clk 0:06:18] } Re8 { [%clk 0:01:24] } 25. Nf5 { [%clk
0:04:53] } Rxe6 { [%clk 0:01:17] } 26. Ng7 { [%clk 0:04:39] } Re7 { [%clk
0:01:06] } 27. Rf8+ { [%clk 0:04:39] } Kc7 { [%clk 0:01:02] } 28. Nf5 { [%clk
0:04:29] } Rh7 { [%clk 0:00:51] } 29. b4 { [%clk 0:04:13] } c5 { [%clk 0:00:43]
} 30. bxc5 { [%clk 0:04:10] } dxc5 { [%clk 0:00:44] } 31. Re8 { [%clk 0:03:45]
} Nf3 { [%clk 0:00:32] } 32. Re7+ { [%clk 0:03:41] } Rxe7 { [%clk 0:00:29] }
33. Nxe7 { [%clk 0:03:42] } Nd2 { [%clk 0:00:27] } 34. Nf5 { [%clk 0:03:36] }
h5 { [%clk 0:00:28] } 35. Kg2 { [%clk 0:03:35] } b5 { [%clk 0:00:20] } 36. Kh3
{ [%clk 0:03:25] } c4 { [%clk 0:00:19] } 37. dxc4 { [%clk 0:03:22] } Nxc4 {
[%clk 0:00:18] } 38. Kh4 { [%clk 0:03:19] } a5 { [%clk 0:00:14] } 39. Kxh5 {
[%clk 0:03:19] } Kc6 { [%clk 0:00:15] } 40. h4 { [%clk 0:03:11] } Nd2 { [%clk
0:00:05] } 41. Nd4+ { [%clk 0:03:10] } Kc5 { [%clk 0:00:07] } 42. Nb3+ { [%clk
0:03:09] } Kc4 { [%clk 0:00:05] } 43. Nxd2+ { [%clk 0:03:08] } 1-0

[Event "Королевский Гамбит. Южный Федеральный округ."]
[Date "2025-11-21"]
[Round "2.12"]
[Board "12"]
[White "Коломейцева Евгения"]
[WhiteElo "1010"]
[Black "Замшина Арина"]
[BlackElo "1010"]
[WebSite "https://www.chessopen.ru"]
[GameId "ee113706-0355-4efb-a3bb-84abbac4a095"]
[Result "0-1"]

1. e4 { [%clk 0:10:00] } e5 { [%clk 0:09:53] } 2. Bc4 { [%clk 0:10:00] } Qh4 {
[%clk 0:09:46] } 3. Nf3 { [%clk 0:09:53] } Qxe4+ { [%clk 0:09:41] } 4. Kf1 {
[%clk 0:09:38] } Qxc4+ { [%clk 0:09:37] } 5. Kg1 { [%clk 0:09:36] } Bc5 { [%clk
0:09:33] } 6. d3 { [%clk 0:09:31] } Qg4 { [%clk 0:09:27] } 7. h3 { [%clk
0:09:27] } Qe6 { [%clk 0:09:23] } 8. Nc3 { [%clk 0:09:14] } d5 { [%clk 0:09:19]
} 9. Nb5 { [%clk 0:08:57] } Qb6 { [%clk 0:09:14] } 10. a4 { [%clk 0:08:45] }
Bxf2+ { [%clk 0:09:06] } 11. Kf1 { [%clk 0:08:42] } e4 { [%clk 0:09:01] } 12.
d4 { [%clk 0:08:29] } Bg3 { [%clk 0:08:56] } 13. Bg5 { [%clk 0:08:01] } c6 {
[%clk 0:08:45] } 14. Nd6+ { [%clk 0:07:54] } Bxd6 { [%clk 0:08:40] } 15. c3 {
[%clk 0:07:27] } exf3 { [%clk 0:08:32] } 16. Qxf3 { [%clk 0:07:25] } Be6 {
[%clk 0:08:24] } 17. Qe3 { [%clk 0:07:09] } Qxb2 { [%clk 0:08:17] } 18. Re1 {
[%clk 0:07:07] } Ne7 { [%clk 0:08:10] } 19. Re2 { [%clk 0:06:42] } Qb1+ { [%clk
0:08:04] } 20. Re1 { [%clk 0:06:42] } Qc2 { [%clk 0:08:00] } 21. Re2 { [%clk
0:06:38] } Qe4 { [%clk 0:07:55] } 22. Qxe4 { [%clk 0:06:30] } dxe4 { [%clk
0:07:51] } 23. Rxe4 { [%clk 0:06:32] } Nf5 { [%clk 0:07:47] } 24. g4 { [%clk
0:06:08] } Ng3+ { [%clk 0:07:41] } 25. Kg2 { [%clk 0:06:01] } Nxe4 { [%clk
0:07:37] } 26. Re1 { [%clk 0:05:49] } Nxg5 { [%clk 0:07:33] } 27. c4 { [%clk
0:05:34] } a5 { [%clk 0:07:24] } 28. d5 { [%clk 0:05:35] } Nd7 { [%clk 0:07:20]
} 29. dxe6 { [%clk 0:05:32] } Nxe6 { [%clk 0:07:16] } 30. g5 { [%clk 0:05:29] }
Bb4 { [%clk 0:07:13] } 31. Re5 { [%clk 0:05:24] } Nxe5 { [%clk 0:07:05] } 32.
g6 { [%clk 0:05:22] } hxg6 { [%clk 0:07:01] } 33. Kg3 { [%clk 0:05:19] } Rd8 {
[%clk 0:06:55] } 34. h4 { [%clk 0:05:18] } Rd3+ { [%clk 0:06:51] } 35. Kf2 {
[%clk 0:05:18] } Rxh4 { [%clk 0:06:46] } 36. Ke2 { [%clk 0:05:17] } Rh2+ {
[%clk 0:06:40] } 37. Kf1 { [%clk 0:05:14] } Rd1# { [%clk 0:06:34] } 0-1

[Event "Королевский Гамбит. Южный Федеральный округ."]
[Date "2025-11-21"]
[Round "2.12"]
[Board "12"]
[White "Кукса Ирина"]
[WhiteElo "1020"]
[Black "Евгения Ефимец"]
[BlackElo "990"]
[WebSite "https://www.chessopen.ru"]
[GameId "49915e02-2f20-4cab-bdbc-bd0f744eccfc"]
[Result "1-0"]

1. e4 { [%clk 0:10:00] } h5 { [%clk 0:10:00] } 2. d4 { [%clk 0:09:58] } Rh6 {
[%clk 0:10:01] } 3. Bxh6 { [%clk 0:09:59] } gxh6 { [%clk 0:10:02] } 4. Qxh5 {
[%clk 0:09:59] } Nf6 { [%clk 0:09:59] } 5. Qf3 { [%clk 0:09:55] } h5 { [%clk
0:09:56] } 6. Bc4 { [%clk 0:09:54] } e6 { [%clk 0:09:48] } 7. e5 { [%clk
0:09:55] } Nd5 { [%clk 0:09:44] } 8. Bxd5 { [%clk 0:09:55] } exd5 { [%clk
0:09:46] } 9. Nc3 { [%clk 0:09:57] } f6 { [%clk 0:09:42] } 10. Nxd5 { [%clk
0:09:57] } c6 { [%clk 0:09:36] } 11. Nxf6+ { [%clk 0:09:56] } Ke7 { [%clk
0:09:07] } 12. Ng8+ { [%clk 0:09:47] } Ke6 { [%clk 0:08:45] } 13. c4 { [%clk
0:08:54] } Na6 { [%clk 0:08:42] } 14. Qh3+ { [%clk 0:08:50] } Kf7 { [%clk
0:08:22] } 15. Nf6 { [%clk 0:08:51] } Be7 { [%clk 0:08:18] } 16. Qxh5+ { [%clk
0:08:51] } Ke6 { [%clk 0:08:11] } 17. d5+ { [%clk 0:08:48] } cxd5 { [%clk
0:07:53] } 18. cxd5# { [%clk 0:08:51] } 1-0

[Event "Королевский Гамбит. Южный Федеральный округ."]
[Date "2025-11-21"]
[Round "2.12"]
[Board "12"]
[White "Панова Виктория"]
[WhiteElo "952"]
[Black "Брига Арина"]
[BlackElo "990"]
[WebSite "https://www.chessopen.ru"]
[GameId "1183f857-4157-4835-b222-41de8e8723c3"]
[Result "1-0"]

1. Nf3 { [%clk 0:09:36] } c5 { [%clk 0:10:02] } 2. e4 { [%clk 0:09:17] } e6 {
[%clk 0:10:05] } 3. c3 { [%clk 0:08:42] } Nc6 { [%clk 0:10:02] } 4. Na3 { [%clk
0:08:05] } d5 { [%clk 0:10:00] } 5. d3 { [%clk 0:08:04] } g6 { [%clk 0:09:54] }
6. Be2 { [%clk 0:07:51] } dxe4 { [%clk 0:09:53] } 7. dxe4 { [%clk 0:07:50] }
Bg7 { [%clk 0:09:49] } 8. h4 { [%clk 0:07:08] } Nge7 { [%clk 0:09:46] } 9. Qc2
{ [%clk 0:06:48] } O-O { [%clk 0:09:41] } 10. Nd2 { [%clk 0:06:45] } e5 { [%clk
0:09:38] } 11. Rh3 { [%clk 0:06:45] } Bxh3 { [%clk 0:09:37] } 12. gxh3 { [%clk
0:06:45] } Qd7 { [%clk 0:09:14] } 13. Bg4 { [%clk 0:06:41] } Qd6 { [%clk
0:08:54] } 14. Nac4 { [%clk 0:06:23] } Qf6 { [%clk 0:08:44] } 15. a3 { [%clk
0:06:11] } b5 { [%clk 0:08:29] } 16. Ne3 { [%clk 0:06:09] } Rad8 { [%clk
0:08:11] } 17. Nb3 { [%clk 0:05:51] } Qxh4 { [%clk 0:07:57] } 18. Be2 { [%clk
0:05:27] } c4 { [%clk 0:07:44] } 19. Nd2 { [%clk 0:05:09] } Qxh3 { [%clk
0:07:39] } 20. Nd1 { [%clk 0:04:57] } Qh1+ { [%clk 0:07:35] } 21. Bf1 { [%clk
0:04:52] } f5 { [%clk 0:06:47] } 22. Qb1 { [%clk 0:04:16] } fxe4 { [%clk
0:06:34] } 23. Qxe4 { [%clk 0:03:52] } Qh5 { [%clk 0:05:59] } 24. Qg2 { [%clk
0:03:33] } b4 { [%clk 0:05:42] } 25. axb4 { [%clk 0:03:26] } Qh4 { [%clk
0:05:24] } 26. Bxc4+ { [%clk 0:03:13] } Kh8 { [%clk 0:04:52] } 27. Bf1 { [%clk
0:02:58] } Nf5 { [%clk 0:04:27] } 28. b5 { [%clk 0:02:47] } Nce7 { [%clk
0:04:20] } 29. Rxa7 { [%clk 0:02:43] } Bh6 { [%clk 0:04:00] } 30. b6 { [%clk
0:01:50] } Ne3 { [%clk 0:03:25] } 31. Nxe3 { [%clk 0:01:47] } Bxe3 { [%clk
0:03:22] } 32. Nf3 { [%clk 0:01:39] } Rxf3 { [%clk 0:02:55] } 33. Qxf3 { [%clk
0:01:25] } Bxc1 { [%clk 0:02:53] } 34. b7 { [%clk 0:01:16] } Bd2+ { [%clk
0:02:50] } 35. Ke2 { [%clk 0:01:12] } Qc4+ { [%clk 0:02:46] } 36. Kd1 { [%clk
0:00:59] } Qxf1+ { [%clk 0:02:45] } 37. Kc2 { [%clk 0:00:59] } Qc1+ { [%clk
0:02:37] } 38. Kb3 { [%clk 0:00:56] } Nc6 { [%clk 0:02:11] } 39. Qf6+ { [%clk
0:00:51] } Kg8 { [%clk 0:02:09] } 40. Qxc6 { [%clk 0:00:44] } Qd1+ { [%clk
0:02:01] } 41. Ka2 { [%clk 0:00:35] } Bg5 { [%clk 0:01:27] } 42. Ra8 { [%clk
0:00:30] } Qd3 { [%clk 0:00:27] } 43. Rxd8+ { [%clk 0:00:23] } Bxd8 { [%clk
0:00:24] } 44. b8=Q { [%clk 0:00:18] } Qf5 { [%clk 0:00:04] } 45. Qxd8+ { [%clk
0:00:12] } Qf8 { [%clk 0:00:04] } 46. Qe6+ { [%clk 0:00:05] } 1-0